01121naa a2200217 i 4500001000400000003000400004005001700008008003900025040000800064080001300072100014200085245006300227500013500290520032700425650001000752650001100762650001700773773008700790942001300877999001300890BPPBPK20180403134914.0150202s2002 pl f |000 0 pol cBPK a597.2/.5 aHEESE, Tomasz.d1996 -.bPolitechnika Koszalińska - Wydział Budownictwa i Inżynierii Środowiska,cKatedra Biologii Środowiskowej aZmieniający się świat rzecznych ryb /cTomasz Heese. aDane z Informatora o publikowanych wynikach prac naukowo-badawczych w roku 2002 Wydziału Budownictwa i Inżynierii Środowiska. aOmówione zostały wybrane przyczyny zanikania gatunków ryb rzecznych, do przyczyn o podstawowym znaczeniu jest zabudowa hydrotechniczna. Prawie połowa krajowej ichtiofauny jest poważnie zagrożona i są to zwykle ryby obligatoryjnie rzeczne. Przegradzanie rzek indukuje zagrożenia także dla innych zwierząt. 0aRyby. 0aRzeki. 0aEkorozwój. iW : tRzeki. Kultura, Cywilizacja, Historia. -g2002, T. 10, s. 147-165x1230-2562 cART2UKD c808d808